| 000 | 00635nam a22002177a 4500 | ||
|---|---|---|---|
| 999 |
_c8295 _d8295 |
||
| 003 | AR-CdUCM | ||
| 008 | 190322b ||||| |||| 00| 0 spa d | ||
| 040 |
_aMUNICIPALIDAD PROVINCIAL DEL CUSCO _cBIBLIOTECA MUNICIPAL DEL CUSCO |
||
| 082 |
_a869.56 / _bAN61 |
||
| 100 |
_aAngeles Caballero, César A. _96978 |
||
| 245 | _aRusia en la literatura Peruana / | ||
| 260 |
_aIca : _bArte Gráf. Ascencio, _c1970. |
||
| 300 |
_a24 paginas ; _c20 cm. |
||
| 500 | _aPoesia | ||
| 650 |
_aPoesia _91598 |
||
| 650 |
_aLiteratura _983 |
||
| 650 |
_aRusia - Perú _923326 |
||
| 650 |
_aLatinoamerica _94398 |
||
| 942 |
_2ddc _cLIBROS |
||
| 945 | _apjha | ||